000 00470nam a2200133Ia 4500
008 200909s9999 xx 000 0 und d
020 _a978-971-23-9365-5
100 _aSpady, William
245 _cWilliam Spady, Charles Schwahn
_aLearning communities 2.0:
_beducating in the age of empowerment/
260 _aQuezon City:
_bREX Bookstore
_c2010
300 _avii, 169 pages
_c23 cm.
650 _aProfessional learning communities
650 _aSchool improvement programs
999 _c364148
_d364148